| 000 | 00460nam a2200193Ia 4500 | ||
|---|---|---|---|
| 001 | 13715 | ||
| 003 | GE_BSU | ||
| 008 | 181216s||||||||xx |||||||||||||| ||und|| | ||
| 040 | _cGE_BSU | ||
| 080 | _a91 | ||
| 245 | _aDiscovering the Amazon | ||
| 245 | _bReader's Digest | ||
| 260 | _aLondon | ||
| 260 | _bPublished by the Reader's Digest Association Limited | ||
| 260 | _c1994 | ||
| 300 | _a191p.ill.28cm. | ||
| 653 | _aDiscovering the Amazon | ||
| 942 | _cBK | ||
| 999 |
_c46863 _d46863 |
||